000
00257nam a2200109Ia 4500
008
230907s9999||||xx |||||||||||||| ||und||
082
_a
629.13435
_b
WIL
245
0
_a
Aircraft Powerplants /
260
_a
McGraw-Hill,
_c
2018
300
_a
714 p.
942
_c
BK
999
_c
598375
_d
598375